| 000 | 01022cam a22003018a 4500 | ||
|---|---|---|---|
| 001 | 13547709 | ||
| 005 | 20201124142830.0 | ||
| 008 | 040405s2004 ilu b 001 0 eng | ||
| 010 | _a 2004042109 | ||
| 020 | _a0071426574 | ||
| 040 |
_aDLC _cDLC _dDLC |
||
| 042 | _apcc | ||
| 050 | 0 | 0 |
_aHF5825 _b.G27 2004 |
| 082 | 0 | 0 |
_a659.132 _222 _bGAB |
| 100 | 1 | _aGabay, J. Jonathan | |
| 245 | 1 | 0 |
_aCopywriting / _cJ. Jonathan Gabay. |
| 250 | _aNew ed. | ||
| 260 |
_aLondon : _b Hodder Headline, _c2003 |
||
| 300 |
_a294p.; _c16 cm. |
||
| 490 | 1 | _aTeach yourself | |
| 504 | _aIncludes bibliographical references and index. | ||
| 650 | 0 | _aAdvertising copy. | |
| 830 | 0 | _aTeach yourself books (Lincolnwood, Ill.) | |
| 856 | 4 | 2 |
_3Publisher description _uhttp://www.loc.gov/catdir/description/mh051/2004042109.html |
| 856 | 4 | 2 |
_3Contributor biographical information _uhttp://www.loc.gov/catdir/enhancements/fy0704/2004042109-b.html |
| 942 |
_2ddc _cBB |
||
| 999 |
_c10831 _d10831 |
||